000 00256nam a22001217a 4500
008 170406b xxu||||| |||| 00| 0 eng d
041 _aeng
080 _22ND
_a611.089
100 _a9
101 _aSHM
245 _aHISTOLOGY
_cROSS, M.A
942 _2udc
_cBK
999 _c10047
_d10047